01069nab a2200205 4500003001000000005001700010008004100027040001400068041000800082100005800090245012400148260003500272300001300307500035100320650002800671650001800699650002500717650002800742773009300770AR-RoBPED20260409090204.0260409b |||||||| |||| 00| 0 spa d aAR-RoBPED aspa1 aMiraglia, Flavia C.eProfesora en Educación Inicial1 aInterferencias en los procesos de aprendizaje. bUna mirada desde el Nivel Inicial y los nuevos escenarios educativos / aBuenos Aires :bNoveduc,c2025 a59-61 p. aEn primera persona, la autora presenta un recorte de la experiencia en una sala de jardín de infantes. Una, entre tantas que describen el sentir y la mirada de una maestra jardinera, que a veces se siente demasiado sola frente a un contexto educativo que, por momentos, desconoce hechos cotidianos e íntimos que ocurren dentro de las aulas.  7aPROCESOS DE APRENDIZAJE 7aNIVEL INICIAL 0aJARDINES DE INFANTES 7aEXPERIENCIA DEL DOCENTE0 020414dBuenos Aires : Noveduc, 1993-tNovedades Educativasw(AR-RoBPED)20414x03283534